000 00619nam a2200253Ia 4500
005 20260121161016.0
008 008 260114s9999 xx 000 0 eng d
020 _a9781315602011
037 _aEBOOK
040 _aCRL
040 _beng
040 _cCRL
041 _2eng
041 _aeng
084 _qCRL
100 _a Donald R. Wehrs
_91039062
245 0 _aPre-Colonial Africa in Colonial African Narratives
260 _bTaylor and Francis
260 _c2008
856 _uhttp://www.taylorfrancis.com/books/9781315602011
942 _cEBOOK
999 _c1605878
_d1605878